书目信息 |
| 题名: |
大道无形
|
|
| 作者: | 史冷金 著 | |
| 分册: | ||
| 出版信息: | 西安 陕西师范大学出版社 2007.05 |
|
| 页数: | 425页 | |
| 开本: | 24cm | |
| 丛书名: | ||
| 单 册: | ||
| 中图分类: | B221.5 | |
| 科图分类: | ||
| 主题词: | ||
| 电子资源: | ||
| ISBN: | 978-7-5613-3050-0 | |
| 000 | 00822nam0 2200241 450 | |
| 001 | 012008268188 | |
| 005 | 20080808160412.81 | |
| 010 | @a978-7-5613-3050-0@dCNY39.80 | |
| 100 | @a20080808d2007 em y0chiy0120 ea | |
| 101 | 0 | @achi |
| 102 | @aCN@b610000 | |
| 105 | @aa z 000yy | |
| 106 | @ar | |
| 200 | 1 | @a大道无形@Ada dao wu xing@e易经中的哲学与智慧@f史冷金著@Fshi leng jin zhu |
| 210 | @a西安@c陕西师范大学出版社@d2007.05 | |
| 215 | @a425页@c图@d24cm | |
| 330 | @a本书包括厚德载物、生之艰辛、四海皆兄弟、大人物的胸襟、保持大有之势、现实主义态度、统治之道、沟通之道等内容。 | |
| 517 | 1 | @a易经中的哲学与智慧@Ayi jing zhong de zhe xue yu zhi hui |
| 605 | @a周易@Azhou yi@x研究 | |
| 690 | @aB221.5@v4 | |
| 701 | 0 | @a史冷金@Ashi leng jin@4著 |
| 801 | 0 | @aCN@bQSSK@c20080808 |
| 905 | @b732663-65@dB221.5@eS576@f3 | |
| 大道无形:易经中的哲学与智慧/史冷金著.-西安:陕西师范大学出版社,2007.05 |
| 425页:图;24cm |
| ISBN 978-7-5613-3050-0:CNY39.80 |
| 本书包括厚德载物、生之艰辛、四海皆兄弟、大人物的胸襟、保持大有之势、现实主义态度、统治之道、沟通之道等内容。 |
| ● |
| 相关链接 |
|
|
|
正题名:大道无形
索取号:B221.5/S576
 
预约/预借
| 序号 | 登录号 | 条形码 | 馆藏地/架位号 | 状态 | 备注 |
| 1 | 732663 | 207326632 | 社科库509/509社科库 9排3列6层/ [索取号:B221.5/S576] | 在馆 | |
| 2 | 732664 | 207326641 | 社科库509/509社科库 9排3列6层/ [索取号:B221.5/S576] | 在馆 | |
| 3 | 732665 | 207326650 | 社科库509/509社科库 9排3列6层/ [索取号:B221.5/S576] | 在馆 |